000 00862nam a22001577a 4500
003 OSt
005 20151006160343.0
008 151006b xxu||||| |||| 00| 0 eng d
040 _cRUA
082 _aAVM SOK 2006 B076 Or.1
100 _92206
_aSOK, VASAL.
245 _aThe effect of using rubber seed in feed ingredient on growthrate of quail broiler at royal university of agriculture, ឥទ្ធពលនៃការប្រើប្រាស់គ្រាប់កៅស៊ូក្នុងចំណីផ្សំទៅលើការលូតលាស់របស់ក្រូចសាច់ នៅក្នុងស្ថានីយ៍ចិញ្ចឹមសត្វ​ នៃសាកលវិទ្យាល័យភូមិន្ទកសិកម្ម
260 _aPhnom Penh
_bRUA
_c2006
300 _a37p.
_bill.
_c29cm.
942 _2ddc
_cAVM
999 _c2079
_d2079